000 02088nam0a2200349 4500
001 RU\NLR\bibl\1705680
005 20260405120719.0
010 _a978-5-98298-727-3
_940
021 _aRU
_b2010-83796
_95592
035 _a(nilc)RSL-KNO-004801152
035 _a(NLR Aleph) 001696732
090 _a1194778
_c1194778
100 _a20101101d2010 |||y0rusy50 ca
101 0 _arus
102 _aRU
105 _aa zzzz|||||
200 1 _aЭкономическая оценка инвестиций в промышленность
_eучебное пособие для студентов, обучающихся по специальности 080502 "Экономика промышленности" очной и очно-заочной форм обучения
_fВ. А. Быстров, В. И. Лебедев
_gФедеральное агентство по образованию, Гос. образовательное учреждение высш. проф. образования "Нац. исслед. Томский политехнический ун-т", Новокузнецкий фил.
210 _aТомск
_cИзд-во Томского политехнического университета
_d2010
215 _a334 с.
_cил., табл.
_d20
320 _aБиблиогр.: с. 331-334 (51 назв.)
606 1 _aПромышленность
_jУчебные издания для высших учебных заведений
_xИнвестиции капитала иностранные
_yРоссийская Федерация
_92490459
_3RU\NLR\auth\661477769
686 _aУ053.9(2)300-56я73-1
_2rubbk
686 _aУ30(2)-56-07(2Р)я73
700 1 _aБыстров
_bВ. А.
_gВалерий Александрович
_4070
701 1 _4070
_8rus
_7ca
_aЛебедев
_bВ. И.
_cэкономист
_gВладимир Иванович
_3RU\NLR\auth\7746837
_929772
801 0 _aRU
_bРГБ
_c20101101
_grcr
801 1 _aRU
_bРГБ
_c20101101
801 2 _aRU
_bNLR
_c20101125
_grcr
942 _cBOOK
980 _aNB
980 _aNBR